The poet at the breakfast-table / (Record no. 155522)

MARC details
000 -LEADER
campo de control de longitud fija 00725nam a22002175i 4500
001 - NÚMERO DE CONTROL
campo de control 155522
003 - IDENTIFICADOR DE NÚMERO DE CONTROL
campo de control ES-MaACL
005 - FECHA Y HORA DE LA ÚLTIMA TRANSACCIÓN
campo de control 20230906210118.0
008 - DATOS DE LONGITUD FIJA--INFORMACIÓN GENERAL
campo de control de longitud fija 040721q18861904xxk |||| | eng d
040 ## - FUENTE DE CATALOGACIÓN
Centro catalogador/agencia de origen CAM
Lengua de catalogación spa
Centro/agencia transcriptor CAM
100 1# - ENTRADA PRINCIPAL--NOMBRE DE PERSONA
Nombre de persona Holmes, Oliver Wendell.
9 (RLIN) 64060
245 14 - MENCIÓN DEL TÍTULO
Título The poet at the breakfast-table /
Mención de responsabilidad, etc. by Oliver Wendell Holmes.
260 ## - PUBLICACIÓN, DISTRIBUCIÓN, ETC.
Lugar de publicación, distribución, etc. London :
Nombre del editor, distribuidor, etc. The Walter Scott publishing Co.,
Fecha de publicación, distribución, etc. [s.a.]
300 ## - DESCRIPCIÓN FÍSICA
Extensión 320, [16] p. ;
Dimensiones 17 cm.
490 1# - MENCIÓN DE SERIE
Mención de serie The Scott library
596 ## - NOTA AL PIE DE IMPRENTA
NOTA AL PIE DE IMPRENTA El editor ejerce ca. 1886-1904.
752 ## - ENTRADA AGREGADA--NOMBRE JERÁRQUICO DEL LUGAR
País o entidad superior Gran Bretaña -
Jurisdicción política intermedia Londres
830 0# - PUNTO DE ACCESO ADICIONAL DE SERIE-TÍTULO UNIFORME
Título uniforme The Scott library
9 (RLIN) 187947
852 ## - LOCALIZACIÓN
Ubicación ES-MaACL
Número de control de estantería G-2007
Nota libre -- Enc. hol. con puntas, hierros y cantos dorados
Holdings
Estatus retirado Estado de pérdida Estado de daño No para préstamo Biblioteca de origen Biblioteca actual Ubicación en estantería Fecha de adquisición Fuente de adquisición Total de préstamos Signatura topográfica completa Código de barras Visto por última vez Precio de reemplazo Tipo de ítem Koha
        Biblioteca del Ateneo de Madrid Biblioteca del Ateneo de Madrid Depósito 2 17/01/2008     G-2007 1162680 23/02/2023 23/02/2023 Libro impreso